00841nam a2200241 a 450000100060000000300080000600500170001400800410003102000150007203500190008704000320010604100080013808200260014610000260017224501030019826000350030130000200033650400360035665000380039294200120043099900170044295201400045956561BD-RjUL20211209080418.0161201s1994 ko b 001 0 eng d a8930060196 a(BD-RjUL)56685 aYSMcYSMdEQOdBD-RjULbeng aeng 223a079.519bCHJ 19941 aChu-Whan, Son916821410aJournalism and unionization :ba comparative study of the Korean and foreign press /cSon Chu-Whan aSeoul, Korea :bNanam,cc1994. a161 p ;c24 cm. aIncludes index and bibliography 0aJournalismzKorea (South)9168215 2ddccBK c56561d56561 00102ddc40718NFICaRUCLbRUCLcReadingd1995-07-09eZeitlingerg0.00l0o079.519 CHJ 1994r2016-12-01 00:00:00tC-1w2016-12-01yBK